00397nam a2200181Ia 4500008004100000020001800041050001400059100001100073245001700084245001400101260001500115260001600130260000900146300001500155300002700170300001000197500000800207170918s9999 xx 000 0 und d a9780439819763 bA411 2003 aAliki. aAh, music! / cby Aliki. aNew York : bScholastic, c2003 a47 pages : bcolored illustration ; c28cm. a910